Представление документа в формате MARC21

Поле Инд. ПП Название Значение
Тип записи a
Библиографический уровень m
001 Контрольный номер 3a9c6d5495dc4d8fb26d3220494e7ada
005 Дата корректировки 20161118152103.6
008 Кодируемые данные 080728
020 a ISBN 5-86949-052-9
c Цена, тираж 210.00
040 a Служба первич. каталог. НБ ТвГУ
041 a Код языка текста rus
080 a Индекс УДК 519.876
a Индекс УДК 69
084 a Индекс другой классификации/Индекс ББК З817
a Индекс другой классификации/Индекс ББК Н1
090 a Полочн. индекс З817
x Авторский знак С30
100 1_ a Автор Семечкин Андрей Евгеньевич
245 00 a Заглавие Системный анализ и системотехника
c Ответственность А. Е. Семечкин ; [предисл. Ю. С. Попкова]
260 0_ a Место издания Москва
b Издательство SvS-Аргус
c Дата издания 2005
300 a Объем 534, [1] с., [1] л. портр.
b Иллюстрации/ тип воспроизводства ил., табл.
504 a Библиография Библиогр.: с. 524-533.
583 a Действие Получение впервые 199 09.2008
k Исполнитель действия Дар РГГУ
650 a Основная рубрика Системный анализ
650 a Основная рубрика Системотехника
650 a Основная рубрика Строительство
x Основная подрубрика Системные методы
653 a Ключевые слова Системный анализ
a Ключевые слова Системотехника
a Ключевые слова Строительство
a Ключевые слова Градостроительство
666 a К рн
700 1_ a Другие авторы Попков Ю. С.
e Роль лиц авт. предисл.
852 t Порядковый номер экземпляра 1
p Инвентарный номер 918131
863 t 00234006
888 a Бесплатные
952 p 199.2008 210.00 1 918131
954 a Дата поступления на обработку 20090409
999 a Подразделение 2 Фил3